000 00774nam a2200229Ii 4500
003 JO-AjNU
008 230605s9999||||xx |||||||||||||| ||und||
017 _a2009/1/224
020 _a978-9957-506-18-6
040 _aJO-AjNU
_bara
_erda
_cJO-AjNU
041 _aara
050 1 4 _aBP173.75.S32.2009
100 3 _aالسبهاني،عبد الجبار,
_eauthor
_930588
245 0 0 _aدراسات متقدمة في النقود والصيرفة الإسلامية
250 _aط1
264 3 1 _aعمان:دار عماد الدين للنشر والتوزيع ،2009
300 _a440ص
336 _atext
_btxt
_2rdacontent
337 _aunmediated
_bn
_2rdamedia
338 _avolume
_bnc
_2rdacarrier
650 4 _aالبنوك الاسلامية-النقود
_930589
999 _aA12143
_c15711
_d15711